000 00696nam a2200205 i 4500
001 170027
003 ES-MaACL
005 20230906214251.0
008 090114s1952 fr |||| | fre d
080 _a821.133.1-293
100 1 _aHusson, Albert.
_9139181
245 1 3 _aLa cuisine des anges
_b: comédie en trois actes /
_cAlbert Husson.
260 _aParis :
_b[s.n.],
_c1952 (
_fPersan-Beaumont)
300 _a32 p. ;
_c27 cm.
490 1 _aOpera : supplément théatral ;
_v70
500 _aCubierta il. con fot.
830 0 _aOpera : supplément théatral ;
_v70
_9188914
852 4 _aES-MaACL
_jE-12381(8)
_9R.140539
_z. - Biblioteca Jacinto Martínez Lacalle
999 _c170027
_d170027